| 000 | 01082nam a2200229 i 4500 | ||
|---|---|---|---|
| 001 | 129539 | ||
| 003 | ES-MaACL | ||
| 005 | 20250806085412.0 | ||
| 007 | t| | ||
| 008 | 070626s1941 sp ||||1| spa d | ||
| 100 | 1 |
_aThorek, Max. _9110135 |
|
| 245 | 1 | 0 |
_aTécnica quirúrgica moderna / _cpor Max Thorek ; con un prólogo por Donald C. Balfour. |
| 250 | _a[1ª ed.]. | ||
| 260 |
_aBarcelona : _bSalvat, _c1941. |
||
| 300 |
_a3 v. ; _c27 cm. |
||
| 505 | 8 | _aContiene: I. Técnica operatoria general. Cirugía de la cabeza y cuello y cirugía plástica, con figuras / de W. C. Shepard -- II. Cirugía de los nervios, vasos y huesos.- Cirugía de la mama y el tórax / con 800 figuras en su mayor parte originales de W. C. Shepard -- III. Cirugia abdominal, Hernias y Cirugia genitaurinaria y genecologica / con 770 figuras en su mayor parte originales de W. C. Shepard | |
| 650 | 0 | 7 |
_aCirugía _2embne _911050 |
| 700 | 1 |
_aBalfour, Donald C. _924926 |
|
| 852 |
_aES-MaACL _jP-934 _z.- (Vol. 3º) |
||
| 852 |
_aES-MaACL _jE-139-41 _bR.19830 |
||
| 999 |
_c129539 _d129539 |
||